| 000 | 00716nam a2200217 a 4500 | ||
|---|---|---|---|
| 001 | 1171 | ||
| 005 | 20180713181237.0 | ||
| 008 | 140415s1988 mx a r 000 0 spa d | ||
| 041 | _aspa | ||
| 082 | 0 |
_a920 _bSHA |
|
| 100 | 1 |
_aShaffer-Corona, Frank, _eautor |
|
| 245 | 1 | 3 |
_aLo llevo en la sangre : _blas memorias de Morris "Moe" Williams, Jr. |
| 250 | _aPrimera edición. | ||
| 264 | 1 |
_aMéxico : _bEdiciones las Américas, _c1988 |
|
| 300 |
_a244 páginas : _bilustraciones ; _c23 cm. |
||
| 336 |
_atexto _2rdacontent |
||
| 337 |
_asin mediación _2rdamedia |
||
| 338 |
_avolumen _2rdacarrier |
||
| 600 | 0 | 4 |
_aMorris, "Moe" Williams _xAutobiografía |
| 700 | 1 |
_aHernández Joseph, David, _etraductor |
|
| 999 |
_c1171 _d1171 |
||